Taylor Swift - Paroles Paris - Statistiques

Statistiques générales
  • Ce quiz a été pris 44 fois
  • Le résultat moyen est 263 sur 312
Statistiques - réponses
Hint Réponse % Correct
I
100%
Paris
100%
Paris,
100%
a
97%
in
97%
In
97%
we
97%
We
97%
were
97%
where
97%
an
94%
and
94%
And
94%
at
94%
be
94%
'Cause
94%
Did
94%
he
94%
it
94%
me
94%
No,
94%
oh
94%
on
94%
so
94%
the
94%
didn't,
91%
didn't
91%
else
91%
Refrain Like
91%
love
91%
love,
91%
my
91%
My
91%
Some
91%
somewhere
91%
that
91%
To
91%
you
91%
Couplet 1 "Your
91%
your
91%
all
88%
believe
88%
breathing
88%
by
88%
champagne
88%
her
88%
Pré-refrain I'm
88%
it's
88%
kissed
88%
map
88%
news
88%
photos?"
88%
see
88%
stop
88%
was
88%
but
84%
ceiling
84%
Drew
84%
drew
84%
is
84%
might
84%
sister
84%
thanks,
84%
though
84%
wanna
84%
2003
81%
ago
81%
bedroom
81%
club
81%
guy
81%
make
81%
up
81%
Yes,
81%
ages
78%
brainwash
78%
friend's
78%
lights
78%
mind
78%
not
78%
out
78%
someone
78%
taken
78%
terrible
78%
clever
75%
culture's
75%
ex
75%
forever
75%
if
75%
just
75%
Let
75%
loving
75%
Met
75%
midnight
75%
Romance
75%
transport
75%
Turns
75%
unbearable
75%
with
75%
drinking
72%
hooked
72%
Bridge Into
72%
keep
72%
outfits
72%
tower
72%
truth
72%
view
72%
Cheap
69%
flashing
69%
letters
69%
only
69%
whole
69%
wine,
69%
yours
69%
cursive
66%
down
66%
has
66%
world
66%
alleyway,
63%
dead
63%
door
63%
side
63%
Confess
59%
kind
59%
tree
59%
mean,
56%
Couplet 2 Privacy
56%
sign
56%
lister
53%
made
53%
grown
50%
messes
50%
page
50%
pretend
50%
Sit
50%
wannabe
50%
Z
50%
that's
47%
Levitate
38%
quiet
38%
Stumbled
38%
thrown
38%
under
38%
alleyways
34%
shade
34%
above
31%
swooping,
31%
sloping,
28%
Aucun quiz correspondant
Distribution des résultats
% des personnes avec chaque résultat
Percentile par nombre de réponses
Votre historique - résultats
Vous n’avez pas pris ce quiz